[Event "18th Costa del Sol it"]
[Site "Torremolinos ESP"]
[Date "1978.02.15"]
[Round "1"]
[White "Bellon Lopez, Juan Manuel"]
[Black "Sanz Alonso, Francisco Javier"]
[Result "1-0"]
[WhiteElo "2350"]
[BlackElo "2330"]
[EventDate "1978.02.15"]
[PlyCount "113"]

1.e4 c5 2.Nf3 Nc6 3.d4 cxd4 4.Nxd4 Nf6 5.Nc3 e5 6.Ndb5 d6 7.Bg5 a6 8.Na3 
b5 9.Bxf6 gxf6 10.Nd5 f5 11.Bd3 Be6 12.Qh5 Bg7 13.c3 f4 14.g3 O-O 15.O-O-O
f5 16.Nc2 Bxd5 17.exd5 Ne7 18.gxf4 Kh8 19.fxe5 Bxe5 20.f4 Bxf4+ 21.Kb1 Be5
22.Ne3 Ra7 23.Rhf1 b4 24.cxb4 Qb6 25.Nxf5 Qxb4 26.Nd4 Ng6 27.Rxf8+ Nxf8 
28.Qe8 Bg7 29.Rf1 Kg8 30.Bf5 h6 31.Be6+ Kh7 32.Bf5+ Kg8 33.Nb3 Rc7 34.Qe3 
a5 35.Rf4 Qb5 36.Qd3 Qb6 37.Rg4 a4 38.Nd4 Qc5 39.Nc6 Rb7 40.Qd2 Kh8 41.Nb4
a3 42.bxa3 Rf7 43.Bd3 Rf2 44.Be2 Rxh2 45.Re4 Qg1+ 46.Kc2 Qa1 47.Kd3 Rh3+ 
48.Kc4 Rxa3 49.Re8 Ra5 50.Rc8 Qe5 51.Kb3 Qf5 52.Qc2 Qd7 53.Rc6 Qe7 54.Bd3 
Qe5 55.Rc8 Kg8 56.Nc6 Qxd5+ 57.Bc4 {Blancas: 3 horas y 28 minutos Negras 3
horas y 29 minutos} 1-0

[Event "18th Costa del Sol it"]
[Site "Torremolinos ESP"]
[Date "1978.02.15"]
[Round "1"]
[White "Durao, Joaquim Manuel"]
[Black "Diesen, Mark"]
[Result "1/2-1/2"]
[WhiteElo "2315"]
[BlackElo "2440"]
[EventDate "1978.02.15"]
[PlyCount "41"]

1.e4 c5 2.f4 Nc6 3.Bb5 g6 4.Nf3 Bg7 5.c3 Nf6 6.d3 O-O 7.Nbd2 Qc7 8.Nf1 a6 
9.Bxc6 Qxc6 10.Ng3 d6 11.O-O b5 12.f5 c4 13.e5 dxe5 14.Nxe5 Qd5 15.d4 Ne4 
16.fxg6 hxg6 17.Qf3 Bb7 18.Nxe4 Qxe4 19.Qxe4 Bxe4 20.Re1 Bxe5 21.dxe5 {
Blancas: 1 hora y 26 minutos Negras: 1 hora y 33 minutos} 1/2-1/2

[Event "18th Costa del Sol it"]
[Site "Torremolinos ESP"]
[Date "1978.02.15"]
[Round "1"]
[White "Tarjan, James Edward"]
[Black "Damjanovic, Mato"]
[Result "1/2-1/2"]
[WhiteElo "2510"]
[BlackElo "2455"]
[EventDate "1978.02.15"]
[PlyCount "40"]

1.d4 d5 2.c4 c6 3.Nc3 Nf6 4.e3 g6 5.Nf3 Bg7 6.Bd3 O-O 7.O-O Bg4 8.h3 Bxf3 
9.Qxf3 e6 10.Rd1 Nbd7 11.b3 Nb6 12.a4 Nc8 13.a5 a6 14.Ba3 Re8 15.Bb4 Nd6 
16.Rac1 Bf8 17.Na4 Nde4 18.Bxf8 Rxf8 19.b4 Qe7 20.Nc5 Nd6 {Blancas: 1 hora
y 52 minutos Negras: 1 hora y 13 minutos} 1/2-1/2

[Event "18th Costa del Sol it"]
[Site "Torremolinos ESP"]
[Date "1978.02.15"]
[Round "1"]
[White "Piasetski, Leon David"]
[Black "Pavlov, Mircea"]
[Result "1/2-1/2"]
[WhiteElo "2410"]
[BlackElo "2405"]
[EventDate "1978.02.15"]
[PlyCount "54"]

1.c4 Nf6 2.Nc3 c5 3.Nf3 d5 4.cxd5 Nxd5 5.e3 Nxc3 6.bxc3 g6 7.Ba3 Qc7 8.Be2
Bg7 9.O-O O-O 10.d4 b6 11.Qb3 Nd7 12.Rac1 Bb7 13.d5 Nf6 14.c4 e6 15.Rfd1 
exd5 16.cxd5 Rad8 17.Bc4 a6 18.h3 b5 19.Bxb5 axb5 20.Rxc5 Qd7 21.Ne5 Qf5 
22.f4 Rfe8 23.g4 Qe4 24.Rd4 Bxd5 25.Rcxd5 Qxd5 26.Rxd5 Nxd5 27.Bb2 f6 {
Blancas: 2 horas y 22 minuots Negras: 2 horas y 22 minutos} 1/2-1/2

[Event "18th Costa del Sol it"]
[Site "Torremolinos ESP"]
[Date "1978.02.16"]
[Round "2"]
[White "Diesen, Mark"]
[Black "Tarjan, James Edward"]
[Result "0-1"]
[WhiteElo "2440"]
[BlackElo "2510"]
[EventDate "1978.02.15"]
[PlyCount "82"]

1.d4 Nf6 2.c4 e6 3.Nf3 Bb4+ 4.Bd2 Qe7 5.g3 Nc6 6.Bg2 Bxd2+ 7.Nbxd2 d6 8.
O-O e5 9.d5 Nb8 10.e4 a5 11.b3 O-O 12.a3 Na6 13.b4 Bg4 14.Qb3 Rfb8 15.Qc3 
Bxf3 16.Bxf3 axb4 17.axb4 c5 18.b5 Nb4 19.Bg2 b6 20.f4 Ne8 21.Bh3 g6 22.
fxe5 Qxe5 23.Qxe5 dxe5 24.Rxa8 Rxa8 25.Bd7 Kf8 26.Bxe8 Kxe8 27.Rf6 Ra1+ 
28.Nf1 Nc2 29.Kg2 Ra2 30.Kh3 Ra1 31.Nd2 Rd1 32.Nf3 Rf1 33.d6 Ne1 34.d7+ 
Kd8 35.Rxf7 Rxf3 36.Rxh7 Re3 37.Rg7 Rxe4 38.Rxg6 Rxc4 39.Rxb6 e4 40.g4 e3 
41.Kg3 Re4 {Blancas: 2 horas y 29 minutos Negras: 2 horas y 30 minutos} 
0-1

[Event "18th Costa del Sol it"]
[Site "Torremolinos ESP"]
[Date "1978.02.16"]
[Round "2"]
[White "Ruiz Gutierrez, Manuel"]
[Black "Bellon Lopez, Juan Manuel"]
[Result "1/2-1/2"]
[WhiteElo "2250"]
[BlackElo "2350"]
[EventDate "1978.02.15"]
[PlyCount "131"]

1.d4 d5 2.Nf3 Nf6 3.c4 dxc4 4.e3 Bg4 5.Bxc4 e6 6.Qb3 Bxf3 7.gxf3 Nbd7 8.
Nc3 Nb6 9.Be2 c6 10.Bd2 Be7 11.Rc1 O-O 12.Rg1 Qd6 13.f4 Rfd8 14.Bf3 Qd7 
15.Ne4 Nxe4 16.Bxe4 Nd5 17.Qc2 g6 18.f5 exf5 19.Bxf5 Qd6 20.Rg2 Re8 21.Kf1
Bf8 22.Kg1 Bg7 23.Bd3 Rad8 24.a3 Nc7 25.Ba5 Rd7 26.Bxc7 Qxc7 27.b4 a6 28.
Bc4 Kh8 29.Kh1 Qd6 30.Qa2 f5 31.Qe2 a5 32.Qf3 axb4 33.axb4 Qxb4 34.Rxg6 
hxg6 35.Qh3+ Bh6 36.Qxh6+ Rh7 37.Qxg6 Rf8 38.Qg3 f4 39.exf4 b5 40.Be6 Qxd4
41.Rxc6 Ra8 42.Qc3 Ra1+ 43.Kg2 Rg7+ 44.Kf3 Qxc3+ 45.Rxc3 Rb7 46.Ke4 b4 47.
Rb3 Ra3 48.Rb2 Kg7 49.Kd4 Kf6 50.f5 Ke7 51.Ke5 Ra5+ 52.Kd4 Kd6 53.h4 Ra3 
54.Bb3 Ra5 55.Bc2 Ra3 56.Be4 Rb8 57.f3 Ra1 58.h5 Rd1+ 59.Ke3 Ke5 60.h6 Kf6
61.Rh2 Rd7 62.h7 Kg7 63.h8=Q+ Rxh8 64.f6+ Kg8 65.Bd5+ Rxd5 66.f7+ {
Blancas: 3 horas y 54 minutos Negras: 3 horas y 16 minutos} 1/2-1/2

[Event "18th Costa del Sol it"]
[Site "Torremolinos ESP"]
[Date "1978.02.16"]
[Round "2"]
[White "Sanz Alonso, Francisco Javier"]
[Black "Piasetski, Leon David"]
[Result "1-0"]
[WhiteElo "2330"]
[BlackElo "2410"]
[EventDate "1978.02.15"]
[PlyCount "37"]

1.e4 g6 2.d4 d6 3.Nf3 Bg7 4.Be2 c6 5.a4 a5 6.O-O Na6 7.Be3 Nh6 8.Qd2 Ng4 
9.Bf4 f5 10.Nc3 Nb4 11.Rfe1 e5 12.Bg5 Qb6 13.Bc4 h6 14.Bh4 g5 15.Bxg5 fxe4
16.Nxe4 d5 17.Nd6+ Kf8 18.Qf4+ Bf6 19.Bxf6 {Blancas: 1 hora y 40 minutos 
Negras: 2 horas y 20 minutos} 1-0

[Event "18th Costa del Sol it"]
[Site "Torremolinos ESP"]
[Date "1978.02.15"]
[Round "2"]
[White "Pavlov, Mircea"]
[Black "Durao, Joaquim Manuel"]
[Result "1-0"]
[WhiteElo "2405"]
[BlackElo "2315"]
[EventDate "1978.02.15"]
[PlyCount "81"]

1.e4 e6 2.d4 d5 3.Nd2 Nf6 4.e5 Nfd7 5.f4 c5 6.Ngf3 cxd4 7.Nxd4 Nc6 8.N2f3 
Be7 9.Be3 O-O 10.Bd3 Nc5 11.O-O Nxd3 12.cxd3 Bc5 13.Qd2 Qb6 14.Qf2 Bd7 15.
Rfc1 Bxd4 16.Bxd4 Nxd4 17.Qxd4 Qxd4+ 18.Nxd4 Rfc8 19.Kf2 Kf8 20.Ke3 Ke7 
21.Kd2 Kd8 22.g4 Rxc1 23.Rxc1 Rc8 24.Rxc8+ Kxc8 25.f5 Kd8 26.Ke3 Ke7 27.
Kf4 h6 28.h4 Be8 29.g5 hxg5+ 30.hxg5 g6 31.fxe6 fxe6 32.Ke3 Bd7 33.Ne2 Be8
34.Nf4 b6 35.Kd4 Bf7 36.Kc3 Be8 37.b3 Kd7 38.Kb4 Ke7 39.a3 Bf7 40.Kb5 Kd7 
41.Ka6 {Blancas: 2 horas y 35 minutos Negras: 2 horas y 29 minutos} 1-0

[Event "18th Costa del Sol it"]
[Site "Torremolinos ESP"]
[Date "1978.02.17"]
[Round "3"]
[White "Andersson, Ulf"]
[Black "Damjanovic, Mato"]
[Result "1-0"]
[WhiteElo "2545"]
[BlackElo "2455"]
[EventDate "1978.02.15"]
[PlyCount "101"]

1.Nf3 d5 2.d4 Nf6 3.c4 c6 4.cxd5 cxd5 5.Nc3 Nc6 6.Bf4 e6 7.e3 Bd6 8.Bd3 
O-O 9.O-O h6 10.Qd2 Qe7 11.Rac1 Bd7 12.h3 Rfc8 13.Ne5 Be8 14.Bh2 Bb4 15.a3
Bxc3 16.Rxc3 Nxe5 17.Bxe5 Ne4 18.Bxe4 dxe4 19.Rfc1 Rxc3 20.Qxc3 f6 21.Bg3 
Bc6 22.Qa5 a6 23.b4 Rd8 24.Qb6 Qe8 25.a4 Rd5 26.b5 axb5 27.a5 Qa8 28.a6 
Rd8 29.a7 Rc8 30.Bb8 Kh7 31.Rc5 Rg8 32.Kf1 Bd5 33.Qxb5 Rd8 34.Kg1 f5 35.
Qb6 Rxb8 36.axb8=Q Qxb8 37.Qc7 Qxc7 38.Rxc7 b5 39.Rc8 b4 40.Rb8 b3 41.Kf1 
g5 42.Ke1 Kg6 43.g3 h5 44.Kd2 h4 45.gxh4 gxh4 46.Kc3 Kf6 47.Rf8+ Kg7 48.
Rd8 Bc6 49.Rb8 Bd5 50.Rb5 Kf6 51.Rxd5 {Blancas: 2 horas y 47 minutos 
Negras: 2 horas y 54 minutos} 1-0

[Event "18th Costa del Sol it"]
[Site "Torremolinos ESP"]
[Date "1978.02.17"]
[Round "3"]
[White "Durao, Joaquim Manuel"]
[Black "Sanz Alonso, Francisco Javier"]
[Result "0-1"]
[WhiteElo "2315"]
[BlackElo "2330"]
[EventDate "1978.02.15"]
[PlyCount "58"]

1.e4 c5 2.Nf3 Nc6 3.d4 cxd4 4.Nxd4 Nf6 5.Nc3 e5 6.Ndb5 d6 7.Bg5 a6 8.Na3 
b5 9.Bxf6 gxf6 10.Nd5 f5 11.Qd3 Bg7 12.exf5 O-O 13.Qe4 Nd4 14.g4 Bb7 15.c3
b4 16.cxb4 Bxd5 17.Qxd5 Qb6 18.O-O-O Qxb4 19.Bc4 Rab8 20.Bb3 a5 21.g5 a4 
22.Rxd4 exd4 23.Nc2 Qb6 24.Bxa4 Qxb2+ 25.Kd1 d3 26.f6 dxc2+ 27.Bxc2 Rfc8 
28.Qd3 Rxc2 29.Qxc2 Qa1+ {Blancas: 2 horas y 29 minutos Negras: 1 hora y 
31 minutos} 0-1

[Event "18th Costa del Sol it"]
[Site "Torremolinos ESP"]
[Date "1978.02.17"]
[Round "3"]
[White "Piasetski, Leon David"]
[Black "Ruiz Gutierrez, Manuel"]
[Result "1-0"]
[WhiteElo "2410"]
[BlackElo "2250"]
[EventDate "1978.02.15"]
[PlyCount "99"]

1.c4 e5 2.Nc3 Nc6 3.Nf3 f5 4.d4 e4 5.Bg5 Be7 6.Bxe7 Ncxe7 7.Nd2 Nf6 8.e3 
O-O 9.Be2 d6 10.b4 Kh8 11.Nb3 c6 12.Qd2 Qe8 13.O-O-O b6 14.Kb1 Qf7 15.Rc1 
Bd7 16.Ka1 Rfd8 17.Qb2 Qf8 18.Rhd1 Rdb8 19.Qc2 a5 20.bxa5 bxa5 21.Rb1 a4 
22.Nd2 c5 23.d5 Ng6 24.Rxb8 Qxb8 25.Rb1 Qd8 26.h3 Ne5 27.a3 Be8 28.Rb7 Rb8
29.Qb2 Rxb7 30.Qxb7 Qa5 31.Kb2 h6 32.Qb8 Nf7 33.Bh5 Qd8 34.Qxd8 Nxd8 35.
Bxe8 Nxe8 36.Nxa4 Kg8 37.Nb6 Kf7 38.Nc8 Nb7 39.Kb3 Nc7 40.Ka4 Ke8 41.Nb3 
Kd7 42.Nb6+ Kd8 43.Na5 Nxa5 44.Kxa5 Ne8 45.Ka6 Kc7 46.Na4 Nf6 47.Nc3 g5 
48.Nb5+ Kd7 49.Kb7 f4 50.a4 {Blancas: 2 horas y 33 minutos Negras: 2 horas
y 29 minutos} 1-0

[Event "18th Costa del Sol it"]
[Site "Torremolinos ESP"]
[Date "1978.02.17"]
[Round "3"]
[White "Tarjan, James Edward"]
[Black "Pavlov, Mircea"]
[Result "1-0"]
[WhiteElo "2510"]
[BlackElo "2405"]
[EventDate "1978.02.15"]
[PlyCount "85"]

1.d4 Nf6 2.c4 g6 3.Nc3 d5 4.cxd5 Nxd5 5.e4 Nxc3 6.bxc3 Bg7 7.Bc4 O-O 8.Ne2
Nc6 9.O-O b6 10.Be3 Na5 11.Bd3 c5 12.e5 Bb7 13.Nf4 cxd4 $5 ( 13...Rc8 {
jugada en Gligoric - Sax, Vrbas 1977.} ) 14.cxd4 Rc8 15.Qg4 Nc6 16.Rad1 
Nb4 17.Bb1 $5 Bd5 $5 18.Rd2 $5 Rc3 19.h4 Bc4 20.Re1 Nd5 21.h5 Nxf4 $5 ( 
21...Nxe3 22.fxe3 e6 {Manteniendo la igualdad} ) 22.Bxf4 Bd5 23.f3 Qc8 24.
Qh4 Rc1 25.Rdd1 Rxd1 26.Rxd1 Qe6 27.Rc1 Bc4 28.a3 $5 a5 $6 ( {Era 
preferible} 28...Rd8 ) 29.Kf2 $5 Rc8 30.Rh1 f5 $5 31.g4 $5 Ba2 $2 ( {Lo 
correcto es} 31...Qd5 32.hxg6 hxg6 33.Qh7+ Kf8 ) 32.hxg6 Bxb1 33.Qxh7+ Kf8
34.Bh6 $1 Bxh6 35.Qh8+ Qg8 36.Qxh6+ Ke8 37.Qh8 $6 ( 37.g7 $1 {Y el blanco 
gana} ) 37...Kf8 $6 ( 37...Rc2+ 38.Kg3 f4+ 39.Kxf4 Ba2 40.Kg5 Rc6 {Ofrece 
mas resistencia} ) 38.Qxg8+ Kxg8 39.Rxb1 f4 40.Rxb6 Rc2+ 41.Kf1 Rc1+ 42.
Kg2 Rc2+ 43.Kh3 {Blancas: 2 horas y 39 minutos Negras: 2 horas y 29 
minutos} 1-0

[Event "18th Costa del Sol it"]
[Site "Torremolinos ESP"]
[Date "1978.02.18"]
[Round "4"]
[White "Bellon Lopez, Juan Manuel"]
[Black "Piasetski, Leon David"]
[Result "1-0"]
[WhiteElo "2350"]
[BlackElo "2410"]
[EventDate "1978.02.15"]
[PlyCount "109"]

1.e4 c5 2.Nf3 Nc6 3.d4 cxd4 4.Nxd4 Nf6 5.Nc3 e5 6.Ndb5 d6 7.Bg5 a6 8.Na3 
b5 9.Bxf6 gxf6 10.Nd5 f5 11.c3 Bg7 12.Bd3 Be6 13.Qh5 O-O 14.exf5 Bxd5 15.
f6 e4 16.fxg7 Re8 17.Be2 Re5 18.Qh6 Rg5 19.O-O Rxg7 20.Rad1 Be6 21.Nc2 Qe7
22.Ne3 Rd8 23.f3 d5 24.fxe4 d4 25.cxd4 Nxd4 26.Bd3 Bxa2 27.e5 Qg5 28.Bxh7+
Kh8 29.Qxg5 Rxg5 30.Bf5 Bb3 31.Rd3 Rxf5 32.Rxf5 Ne2+ 33.Kf2 Rxd3 34.Kxe2 
Rd4 35.g3 Ra4 36.Rg5 Be6 37.Kd3 Rb4 38.Kc2 Re4 39.Kd3 Rb4 40.Nd1 a5 41.Nc3
Rb3 42.Kc2 Rb4 43.Ne2 Bd5 44.Nf4 Be4+ 45.Kc1 a4 46.Nh5 Rc4+ 47.Kd2 Rc2+ 
48.Ke3 Bh7 49.h4 Rc8 50.Nf6 Bc2 51.h5 b4 52.h6 a3 53.bxa3 b3 54.h7 Bg6 55.
e6 {Blancas: 3 horas y 13 minutos Negras: 3 horas y 30 minutos} 1-0

[Event "18th Costa del Sol it"]
[Site "Torremolinos ESP"]
[Date "1978.02.18"]
[Round "4"]
[White "Diesen, Mark"]
[Black "Andersson, Ulf"]
[Result "0-1"]
[WhiteElo "2440"]
[BlackElo "2545"]
[EventDate "1978.02.15"]
[PlyCount "52"]

1.d4 Nf6 2.c4 e6 3.g3 c5 4.Nf3 cxd4 5.Nxd4 Bb4+ 6.Bd2 Qb6 7.Bxb4 Qxb4+ 8.
Nc3 Nc6 9.Nb5 O-O 10.e3 d5 11.a3 Qa5 12.c5 Qd8 13.Rc1 Rb8 14.b4 a5 15.Qa4 
$6 Bd7 16.Qb3 axb4 17.axb4 e5 18.Bg2 Be6 19.Rd1 d4 20.Qb1 Qe7 21.Ne4 dxe3 
22.Nxf6+ Qxf6 23.fxe3 Ra8 24.Rd6 $2 Qg5 25.Qc1 Ra1 $3 26.Qxa1 Qxe3+ {
Blancas: 2 horas y 29 minutos Negras: 2 horas y 5 minutos} 0-1

[Event "18th Costa del Sol it"]
[Site "Torremolinos ESP"]
[Date "1978.02.18"]
[Round "4"]
[White "Ruiz Gutierrez, Manuel"]
[Black "Durao, Joaquim Manuel"]
[Result "0-1"]
[WhiteElo "2250"]
[BlackElo "2315"]
[EventDate "1978.02.15"]
[PlyCount "82"]

1.d4 Nf6 2.Nf3 g6 3.g3 Bg7 4.Bg2 d6 5.O-O O-O 6.c4 Nc6 7.d5 Na5 8.Nfd2 c5 
9.Nc3 e5 10.a3 b6 11.b4 Nb7 12.Rb1 Bd7 13.Qc2 Ng4 14.h3 Nh6 15.Nde4 f6 16.
bxc5 dxc5 17.g4 Nf7 18.Ng3 Nfd6 19.Nce4 f5 20.gxf5 Nxf5 21.Bg5 Qe8 22.Qd2 
h6 23.Be3 Kh7 24.Rfc1 Qe7 25.Rc3 Nd4 26.Kh2 Bf5 27.Rg1 Qd7 28.Qd1 Qe7 29.
Bc1 Bd7 30.e3 Nf5 31.d6 Qh4 32.Qg4 Qxg4 33.hxg4 Nh4 34.g5 h5 35.Rc2 Rad8 
36.Bb2 Ba4 37.Rd2 Na5 38.Rc1 Nb3 39.Rd3 Nxc1 40.Bxc1 Nxg2 41.Kxg2 h4 {
Blancas: 2 horas y 29 minutos Negras: 2 horas y 29 minutos} 0-1

[Event "18th Costa del Sol it"]
[Site "Torremolinos ESP"]
[Date "1978.02.18"]
[Round "4"]
[White "Sanz Alonso, Francisco Javier"]
[Black "Tarjan, James Edward"]
[Result "1-0"]
[WhiteElo "2330"]
[BlackElo "2510"]
[EventDate "1978.02.15"]
[PlyCount "121"]

1.e4 e5 2.Nc3 Nc6 3.g3 Bc5 4.Bg2 d6 5.d3 Nge7 6.Na4 O-O 7.Nxc5 dxc5 8.Ne2 
Be6 9.Be3 Qd6 10.O-O Nd4 11.c3 Nxe2+ 12.Qxe2 Nc6 13.f4 f6 14.f5 Bd7 15.
Rad1 Rad8 16.g4 g5 17.h4 h6 18.Rf3 Kg7 19.Rh3 Rh8 20.Bf3 Be8 21.Qh2 Bf7 
22.Kf2 b6 23.Be2 a5 24.Rh1 Rhg8 25.hxg5 hxg5 26.Rh7+ Kf8 27.Qh6+ Ke8 28.
Rxf7 Kxf7 29.d4 Qf8 30.Bc4+ Ke7 31.Bxg8 Qxh6 32.Rxh6 cxd4 33.Bxg5 fxg5 34.
Rxc6 Rxg8 35.cxd4 exd4 36.e5 Kd7 37.Rh6 Re8 38.e6+ Kd6 39.Kf3 Ke5 40.Rh1 
Re7 41.a4 c6 42.Ke2 Kd5 43.Re1 Kc4 44.Kd2 Kd5 45.b3 c5 46.Kd3 Kd6 47.Kc4 
Re8 48.Re2 Ke7 49.Rh2 Kd6 50.Rh5 Rg8 51.Rh7 Re8 52.Rb7 Kc6 53.Rg7 Rh8 54.
e7 Kd7 55.Rf7 Ke8 56.Rg7 Rh6 57.Kd5 d3 58.Ke5 Rh1 59.f6 Kd7 60.Rg8 Re1+ 
61.Kf5 {Blancas: 3 horas y 47 minutos Negras: 3 horas y 34 minutos} 1-0

[Event "18th Costa del Sol it"]
[Site "Torremolinos ESP"]
[Date "1978.02.19"]
[Round "5"]
[White "Damjanovic, Mato"]
[Black "Diesen, Mark"]
[Result "1/2-1/2"]
[WhiteElo "2455"]
[BlackElo "2440"]
[EventDate "1978.02.15"]
[PlyCount "25"]

1.d4 Nf6 2.Nf3 e6 3.c4 Bb4+ 4.Bd2 Qe7 5.Nc3 b6 6.e3 Bb7 7.a3 Bxc3 8.Bxc3 
O-O 9.Bd3 Be4 10.O-O d6 11.Ne1 Nbd7 12.Be2 Bb7 13.f3 {Blancas: 22 minutos 
Negras: 29 minutos} 1/2-1/2

[Event "18th Costa del Sol it"]
[Site "Torremolinos ESP"]
[Date "1978.02.19"]
[Round "5"]
[White "Durao, Joaquim Manuel"]
[Black "Bellon Lopez, Juan Manuel"]
[Result "0-1"]
[WhiteElo "2315"]
[BlackElo "2350"]
[EventDate "1978.02.15"]
[PlyCount "46"]

1.e4 c6 2.d4 g6 3.Nf3 d5 4.exd5 cxd5 5.Bd3 Bg4 6.c3 $5 ( {La alternativa 
es} 6.O-O ) 6...Bg7 7.Qb3 $5 Bxf3 $1 8.Qxb7 $5 Nd7 $6 ( {Mejor era} 8...
Bxg2 $1 9.Bb5+ Nd7 10.Bxd7+ Kf8 11.Rg1 Nf6 12.Bc6 Rb8 13.Qxa7 Bh3 {Y ambos
bandos tienen oportunidades} ) 9.gxf3 Ngf6 10.Bf4 O-O 11.Bc7 Qe8 12.f4 $2 
( {Lo correcto era} 12.O-O $1 e5 13.Re1 Qe6 14.Nd2 {Las blancas mantienen 
un plus} ) 12...Nb6 $1 13.Be5 Nh5 14.a4 f6 $1 15.a5 $2 ( 15.Bc7 $1 {Ofrece
mas resistencia} ) 15...fxe5 $1 16.axb6 Nxf4 17.Bf1 axb6 18.Rxa8 Qxa8 19.
Qxa8 Rxa8 20.Kd2 exd4 21.c4 Ra2 22.cxd5 Rxb2+ 23.Kc1 d3 $1 {Las negras 
tienen dos peoenes extra en el final y deciden ir a la carga. Blancas: 1 
hora y 22 minutos Negras: 1 hora y 2 minutos} 0-1

[Event "18th Costa del Sol it"]
[Site "Torremolinos ESP"]
[Date "1978.02.19"]
[Round "5"]
[White "Tarjan, James Edward"]
[Black "Ruiz Gutierrez, Manuel"]
[Result "1/2-1/2"]
[WhiteElo "2510"]
[BlackElo "2250"]
[EventDate "1978.02.15"]
[PlyCount "112"]

1.d4 Nf6 2.c4 e6 3.Nc3 Bb4 4.e3 b6 5.Ne2 Bb7 6.a3 Be7 7.d5 O-O 8.Ng3 d6 9.
e4 c5 10.Be2 Bc8 11.f4 a6 12.a4 Ne8 13.O-O Bf6 14.Be3 a5 15.Qd2 e5 16.Nh5 
exf4 17.Nxf6+ Qxf6 18.Bxf4 Qe7 19.Ra3 Na6 20.Nb5 f6 21.Bh5 g6 22.Rg3 Rf7 
23.Bxg6 hxg6 24.Rxg6+ Rg7 25.Rxg7+ Kxg7 26.Qe3 Nb4 27.h3 Nc2 28.Qg3+ Kf7 
29.Kh2 Qxe4 30.Nxd6+ Nxd6 31.Bxd6 Bf5 32.Rf4 Rg8 33.Rxe4 Bxe4 34.Qxg8+ 
Kxg8 35.Bc7 Nd4 36.Bxb6 Nb3 37.d6 Bc6 38.h4 Bxa4 39.h5 Bd7 40.Kg3 a4 41.
Kf4 Nd2 42.Bxc5 Nxc4 43.Bd4 Kf7 44.g4 Nxd6 45.g5 fxg5+ 46.Kxg5 Bb5 47.Be5 
Nb7 48.h6 Bd3 49.Kf4 Bh7 50.Ke3 Nd8 51.Kd4 Nc6+ 52.Kd5 Nxe5 53.Kxe5 Kg6 
54.Kd4 Kxh6 55.Kc3 Bg8 56.Kc2 Ba2 {Blancas: 3 horas y 1 minutos Negras: 1 
hora y 17 minutos} 1/2-1/2

[Event "18th Costa del Sol it"]
[Site "Torremolinos ESP"]
[Date "1978.02.19"]
[Round "5"]
[White "Andersson, Ulf"]
[Black "Pavlov, Mircea"]
[Result "1/2-1/2"]
[WhiteElo "2545"]
[BlackElo "2405"]
[EventDate "1978.02.15"]
[PlyCount "29"]

1.Nf3 Nf6 2.c4 c5 3.Nc3 d5 4.cxd5 Nxd5 5.g3 g6 6.Bg2 Bg7 7.O-O Nc6 8.Nxd5 
Qxd5 9.d3 O-O 10.Be3 Bd7 11.a3 Rac8 12.Rc1 Qa2 13.Rxc5 Qxb2 14.a4 b6 15.
Rc4 {Blancas: 1 horas y 52 minutos Negras: 40 minutos} 1/2-1/2

[Event "18th Costa del Sol it"]
[Site "Torremolinos ESP"]
[Date "1978.02.20"]
[Round "6"]
[White "Bellon Lopez, Juan Manuel"]
[Black "Tarjan, James Edward"]
[Result "1/2-1/2"]
[WhiteElo "2350"]
[BlackElo "2510"]
[EventDate "1978.02.15"]
[PlyCount "80"]

1.e4 c5 2.Nf3 e6 3.d4 cxd4 4.Nxd4 a6 5.Nc3 Qc7 6.g3 Bb4 7.Bd2 Nf6 8.Bg2 
Be7 9.O-O O-O 10.Re1 d6 11.Be3 Nc6 12.Nxc6 bxc6 13.b3 Bb7 14.Na4 c5 15.e5 
Nd5 16.exd6 Bxd6 17.Bd2 c4 18.Qg4 Rac8 19.Rab1 Nf6 20.Qe2 Bxg2 21.Kxg2 Nd5
22.Red1 Be5 23.Ba5 Qc6 24.Kg1 Bf6 25.Bd2 h6 26.Bc1 cxb3 27.cxb3 Qc2 28.
Qxc2 Rxc2 29.Bb2 Rfc8 30.Rdc1 Nb4 31.Rxc2 Rxc2 32.Bxf6 gxf6 33.Rb2 Rxb2 
34.Nxb2 Nxa2 35.Nd3 e5 36.Kg2 a5 37.Nc5 Nc3 38.Kf3 f5 39.Nb7 a4 40.bxa4 
Ne4 {Blancas: 2 horas y 14 minutos Negras: 2 horas y 26 minutos} 1/2-1/2

[Event "18th Costa del Sol it"]
[Site "Torremolinos ESP"]
[Date "1978.02.20"]
[Round "6"]
[White "Piasetski, Leon David"]
[Black "Durao, Joaquim Manuel"]
[Result "0-1"]
[WhiteElo "2410"]
[BlackElo "2315"]
[EventDate "1978.02.15"]
[PlyCount "90"]

1.c4 g6 2.e4 Bg7 3.d4 d6 4.Nc3 Nf6 5.f3 O-O 6.Be3 b6 7.Bd3 a6 8.Nge2 c5 9.
dxc5 dxc5 10.e5 Nfd7 11.Be4 Ra7 12.f4 Bb7 13.O-O Nc6 14.Qe1 Re8 15.Rd1 Qc8
16.Qh4 Na5 17.Bd3 Qa8 18.Qh3 e6 19.b3 Bc6 20.Bf2 Qb7 21.Bh4 b5 22.Ng3 f5 
23.exf6 Nxf6 24.Bg5 bxc4 25.bxc4 Ng4 26.Nge2 Nf6 27.Rf2 Ne4 28.Bxe4 Bxe4 
29.Qe3 Bc2 30.Rc1 Nxc4 31.Qxc5 Rc8 32.Qe7 Qxe7 33.Bxe7 Rxe7 34.Rxc2 Na3 
35.Rd2 Bxc3 36.Rd3 Rec7 37.Rff3 Bb4 38.Rxa3 Bxa3 39.Rxa3 Rc2 40.Kf2 Rb2 
41.Kf1 Rcc2 42.Nd4 Rf2+ 43.Ke1 Rxa2 44.Rxa6 Rxg2 45.Rxa2 Rxa2 {Blancas: 2 
horas y 29 minutos Negras: 2 horas y 35 minutos} 0-1

[Event "18th Costa del Sol it"]
[Site "Torremolinos ESP"]
[Date "1978.02.20"]
[Round "6"]
[White "Sanz Alonso, Francisco Javier"]
[Black "Andersson, Ulf"]
[Result "1/2-1/2"]
[WhiteElo "2330"]
[BlackElo "2545"]
[EventDate "1978.02.15"]
[PlyCount "145"]

1.e4 e6 2.d4 d5 3.Nc3 Bb4 4.exd5 Qxd5 5.Nf3 Nf6 6.Bd3 Qd8 7.O-O Nbd7 8.Bg5
Be7 9.Qe2 O-O 10.Rad1 Re8 11.Ne5 c6 12.Ne4 Nxe4 13.Bxe7 Rxe7 14.Qxe4 Nf8 
15.Rfe1 Qc7 16.Qh4 f6 17.Ng4 Bd7 18.Re3 Be8 19.Rg3 Bg6 20.Ne3 Bxd3 21.Rxd3
Ng6 22.Qg4 Qa5 23.h4 Qe1+ 24.Nf1 Qc1 25.h5 f5 26.Qg5 Qxg5 27.Rxg5 Nf4 28.
Re3 Kf7 29.h6 gxh6 30.Rgg3 Rd8 31.Rgf3 Ng6 32.c3 c5 33.dxc5 Rd1 34.Rd3 Ra1
35.Rd8 Rxa2 36.b4 Ra1 37.g3 a5 38.b5 Rb1 39.b6 Ne5 40.Rf4 Rb5 41.Rc8 Rb1 
42.Kg2 Rc1 43.Ra4 Rxc3 44.Rxa5 Kf6 45.Ne3 h5 46.Ra2 h4 47.Rc2 Rxc2 48.Nxc2
hxg3 49.fxg3 Rd7 50.Ne3 h5 51.Rf8+ Kg7 52.Rc8 Kf6 53.Rf8+ Rf7 54.Rh8 Nd7 
55.Rc8 Ne5 56.Rh8 Rg7 57.Rc8 Kg5 58.Re8 f4 59.Rxe6 Nc6 60.gxf4+ Kxf4+ 61.
Kf2 Rd7 62.Rf6+ Ke5 63.Rh6 Rf7+ 64.Ke2 Ke4 65.Rxh5 Nd4+ 66.Kd2 Nf3+ 67.Ke2
Nd4+ 68.Kd2 Nf3+ 69.Ke2 Ng1+ 70.Kd2 Rf2+ 71.Kc3 Ne2+ 72.Kc4 Kxe3 73.c6 {
Blancas: 4 horas y 21 minutos Negras: 4 horas y 33 minutos} 1/2-1/2

[Event "18th Costa del Sol it"]
[Site "Torremolinos ESP"]
[Date "1978.02.20"]
[Round "6"]
[White "Pavlov, Mircea"]
[Black "Damjanovic, Mato"]
[Result "1/2-1/2"]
[WhiteElo "2405"]
[BlackElo "2455"]
[EventDate "1978.02.15"]
[PlyCount "43"]

1.e4 c5 2.Nf3 Nc6 3.d4 cxd4 4.Nxd4 Qc7 5.Nc3 e6 6.g3 a6 7.Bg2 d6 8.O-O Bd7
9.Re1 Be7 10.Nxc6 bxc6 11.Na4 Rb8 12.c4 c5 13.Nc3 Bf6 14.Qd2 Ne7 15.b3 O-O
16.Bb2 Nc6 17.Rad1 Bd4 18.Ne2 a5 19.Bxd4 Nxd4 20.Nxd4 cxd4 21.Rc1 Qc5 22.
Bf1 {Blancas: 42 minutos Negras: 26 minutos} 1/2-1/2

[Event "18th Costa del Sol it"]
[Site "Torremolinos ESP"]
[Date "1978.02.21"]
[Round "7"]
[White "Andersson, Ulf"]
[Black "Ruiz Gutierrez, Manuel"]
[Result "1-0"]
[WhiteElo "2545"]
[BlackElo "2250"]
[EventDate "1978.02.15"]
[PlyCount "55"]

1.Nf3 g6 2.d4 Bg7 3.g3 Nf6 4.Bg2 O-O 5.O-O d6 6.c4 c6 7.b3 Na6 8.Bb2 Bg4 
9.Nbd2 Qd7 10.Re1 Bh3 11.Bh1 h6 12.a3 Ng4 13.Qc2 e5 14.dxe5 dxe5 15.c5 Qe7
16.b4 Nc7 17.Nh4 Nd5 18.e4 Nc7 19.Nc4 h5 20.Rad1 Rad8 21.Bg2 Bxg2 22.Kxg2 
Kh7 23.Rxd8 Rxd8 24.Rd1 Rxd1 25.Qxd1 Qe6 26.Qd3 f6 27.Nf3 Nh6 28.Bxe5 {
Blancas: 2 horas Negras: 54 minutos} 1-0

[Event "18th Costa del Sol it"]
[Site "Torremolinos ESP"]
[Date "1978.02.21"]
[Round "7"]
[White "Damjanovic, Mato"]
[Black "Sanz Alonso, Francisco Javier"]
[Result "1/2-1/2"]
[WhiteElo "2455"]
[BlackElo "2330"]
[EventDate "1978.02.15"]
[PlyCount "20"]

1.e4 e5 2.Nf3 Nc6 3.Bb5 Nge7 4.O-O g6 5.d4 exd4 6.e5 Bg7 7.Bf4 O-O 8.Nbd2 
d6 9.exd6 cxd6 10.h4 Be6 {Blancas: 1 hora y 44 minutos Negras: 55 minutos}
1/2-1/2